Perspektivy realizacii strategii "Jevropa 2020"
Charakteristika a ciele Lisabonskej stratégie. Stratégia Európa 2020. Päť hlavných cieľov stratégie. Stratégia Európa 2020 versus Lisabonská stratégia.
Salvato in:
| Autore principale: | |
|---|---|
| Natura: | Capitolo di libro |
| Lingua: | russo |
| Soggetti: | |
| Tags: |
Nessun Tag, puoi essere il primo ad aggiungerne!!
|
MARC
| LEADER | 00000nla a2200000 4500 | ||
|---|---|---|---|
| 001 | 0194146 | ||
| 005 | 20240502083451.0 | ||
| 041 | 0 | |a rus | |
| 044 | |a RU | ||
| 245 | 1 | 0 | |a Perspektivy realizacii strategii "Jevropa 2020" |c Vladimír Gonda |
| 520 | |a Charakteristika a ciele Lisabonskej stratégie. Stratégia Európa 2020. Päť hlavných cieľov stratégie. Stratégia Európa 2020 versus Lisabonská stratégia. | ||
| 610 | 2 | 0 | |a Európska únia |
| 610 | 2 | 0 | |a dohody medzinárodné |
| 610 | 2 | 0 | |a spolupráca hospodárska medzinárodná |
| 610 | 2 | 0 | |a riadenie strategické |
| 100 | 1 | |a Gonda, Vladimír | |